Statistics for Groups of Eight Quiz #1

Click here to take the quiz!

General Stats

  • This quiz has been taken 94,487 times
    (29,347 since last reset)
  • The average score is 50 of 72

Answer Stats

GroupAnswer% Correct
PlanetsEarth
98%
PlanetsMars
98%
PlanetsSaturn
97%
PlanetsVenus
97%
PlanetsJupiter
96%
PlanetsUranus
96%
PlanetsMercury
95%
Species of BearsBrown (Grizzly) Bear
94%
PlanetsNeptune
93%
Countries between US and ColombiaMexico
92%
Species of BearsAmerican Black Bear
90%
Species of BearsAsiatic Black Bear
90%
Foods in a Full English BreakfastEggs
89%
Countries that won the Men's FIFA World CupBrazil
89%
Species of BearsPolar Bear
88%
Countries between US and ColombiaPanama
86%
Countries that won the Men's FIFA World CupFrance
85%
Countries that won the Men's FIFA World CupGermany
85%
Countries that won the Men's FIFA World CupSpain
83%
U.S. States that Border the Great LakesMichigan
82%
Foods in a Full English BreakfastFried bread / Toasted bread
81%
Foods in a Full English BreakfastBack bacon
79%
Countries between US and ColombiaHonduras
79%
Countries that won the Men's FIFA World CupArgentina
78%
Countries between US and ColombiaGuatemala
78%
Countries between US and ColombiaCosta Rica
78%
Countries that won the Men's FIFA World CupItaly
78%
Countries that border TurkeyGreece
77%
Countries between US and ColombiaEl Salvador
77%
Countries between US and ColombiaNicaragua
77%
Countries that border TurkeyIraq
75%
Foods in a Full English BreakfastSausages
75%
Countries between US and ColombiaBelize
74%
Countries that border TurkeyIran
74%
Countries that border TurkeySyria
73%
U.S. States that Border the Great LakesOhio
72%
U.S. States that Border the Great LakesNew York
71%
U.S. States that Border the Great LakesIllinois
71%
Countries that won the Men's FIFA World CupEngland
69%
Parts of SpeechNoun
67%
Parts of SpeechVerb
67%
U.S. States that Border the Great LakesMinnesota
67%
Species of BearsGiant Panda
67%
Countries that border TurkeyGeorgia
66%
Countries that border TurkeyArmenia
66%
U.S. States that Border the Great LakesWisconsin
65%
Australian States and TerritoriesQueensland
65%
Foods in a Full English BreakfastBaked beans
64%
Parts of SpeechAdjective
64%
U.S. States that Border the Great LakesIndiana
63%
Countries that border TurkeyAzerbaijan
63%
U.S. States that Border the Great LakesPennsylvania
62%
Australian States and TerritoriesNew South Wales
62%
Countries that won the Men's FIFA World CupUruguay
62%
Parts of SpeechAdverb
62%
Australian States and TerritoriesTasmania
60%
Countries that border TurkeyBulgaria
57%
Foods in a Full English BreakfastFried tomato
54%
Australian States and TerritoriesWestern Australia
53%
Parts of SpeechPronoun
53%
Australian States and TerritoriesVictoria
52%
Australian States and TerritoriesSouth Australia
43%
Foods in a Full English BreakfastBlack pudding
41%
Australian States and TerritoriesNorthern Territory
40%
Foods in a Full English BreakfastFried mushrooms
39%
Parts of SpeechConjunction
37%
Parts of SpeechPreposition
35%
Species of BearsSun Bear
32%
Australian States and TerritoriesAustralian Capital Territory
25%
Parts of SpeechInterjection
18%
Species of BearsSpectacled Bear
16%
Species of BearsSloth Bear
16%

Score Distribution

Percentile by Number Answered

Percent of People with Each Score

Your Score History

You have not taken this quiz since the last reset